02166 a2200169 45000010006000000050017000060080041000230030015000640400040000790800035001192450011001542640057001653000019002225051630002411000024018718560101018952634920260407155543.0260407a1979 arg spa dAR-UNSa-BCEJYS aAR-UNSa-BCEJYSbspacAR-UNSa-BCEJYS a657.47xContabilidad de Costos10aCostos 1aBuenos Aires :bEdiciones Contabilidad Modernac1979 a862 p.c23 cm. a1. Los diversos fines de la información contable - 2. Distintos conceptos de costo - 3. Conversión de los costos en gastos - 4. Costo de adquisición para información gerencial 5. Costo de adquisición para fines impositivos y de los estados contables de publicación - 6. A los efectos de la contabilidad gerencial - 7. A los efectos de los estados contables de publicación - 8. A los efectos impositivos - 9. Contabilización de las operaciones con bienes de cambio - 10. Definición de precio de compra. Distintos casos - 11. Tratamiento de los bienes de uso a los efectos impositivos y de los estados contables de publicación - 12. Tratamiento de los bienes de uso - 13. Los insumos de la producción fabril - 14. Las materias primas directas - 15. El trabajo directo - 16. Insumos variables diversos - 17. Costos indirectos - 18. Ejemplo práctico de contabilización y cálculo de costos fabriles - 19. Costos conjuntos y procesos alternativos - 20. Cuadros de resultados de distintas estructuras empresarias - 21. La información contable gerencial en la toma de decisiones - 22. Modelos decisionales, empresa simple, producto y canal de distribución únicos - 23. Modelos decisionales, empresa con producto único y canales de distribución múltiples - 24. Modelos decisionales, empresa con varios productos, planta fabril y canal de distribución únicos - 25. Modelos decisionales, empresas diversificadas y descentralizadas - 26. Administración racional de inventarios - 27. Costo de grandes obras - 28. Costos de industrias de servicio - 29. Costos de algunas industrias extractivas1 aRaimondi, Carlos A.41uhttps://biblioeco.unsa.edu.ar/pmb/images/libros/Costos-l28360.jpgyImagen de portadaqimage/jpeg